<?xml version="1.0" encoding="UTF-8"?>
<record
    xmlns:xsi="http://www.w3.org/2001/XMLSchema-instance"
    xsi:schemaLocation="http://www.loc.gov/MARC21/slim http://www.loc.gov/standards/marcxml/schema/MARC21slim.xsd"
    xmlns="http://www.loc.gov/MARC21/slim">

  <leader>04735nam a22002417a 4500</leader>
  <controlfield tag="005">20260309100413.0</controlfield>
  <controlfield tag="008">250506b        |||||||| |||| 00| 0 eng d</controlfield>
  <datafield tag="020" ind1=" " ind2=" ">
    <subfield code="a">9789364555609</subfield>
  </datafield>
  <datafield tag="040" ind1=" " ind2=" ">
    <subfield code="c">AIMIT LIBRARY</subfield>
  </datafield>
  <datafield tag="082" ind1=" " ind2=" ">
    <subfield code="2">72</subfield>
    <subfield code="a">336.294</subfield>
    <subfield code="b">SINV</subfield>
  </datafield>
  <datafield tag="100" ind1=" " ind2=" ">
    <subfield code="a">Singhania, Vinod K.</subfield>
    <subfield code="9">209416</subfield>
  </datafield>
  <datafield tag="245" ind1=" " ind2=" ">
    <subfield code="a">Taxmanns direct taxes :</subfield>
    <subfield code="b">law and practice /</subfield>
    <subfield code="c">By Vinod K Singhania and Kapil Singhania.</subfield>
  </datafield>
  <datafield tag="250" ind1=" " ind2=" ">
    <subfield code="a">72nd ed.</subfield>
  </datafield>
  <datafield tag="260" ind1=" " ind2=" ">
    <subfield code="a">New Delhi :</subfield>
    <subfield code="b">Taxmann Publication ,</subfield>
    <subfield code="c">2025.</subfield>
  </datafield>
  <datafield tag="300" ind1=" " ind2=" ">
    <subfield code="a"> I.30,583.4,5.32-10 p.;</subfield>
    <subfield code="b">PB</subfield>
    <subfield code="c">24 cm.</subfield>
  </datafield>
  <datafield tag="440" ind1=" " ind2=" ">
    <subfield code="a">Assessment year 2025-26</subfield>
    <subfield code="9">258249</subfield>
  </datafield>
  <datafield tag="500" ind1=" " ind2=" ">
    <subfield code="a">Direct Taxes Law &amp; Practice is a classic, authoritative guide to Indian direct tax law. It dissects and explains the complicated provisions of direct taxation with remarkable lucidity. Recognised and recommended by all major professional institutes and universities in India, it distils legislative amendments and judicial interpretations aligning perfectly with the Assessment Year 2025-26. The work stands out by merging theoretical discussions with ample practical illustrations&#x2014;over 600 solved examples that help students, academicians, and practitioners grasp complex scenarios. Emphasis is also placed on judicial rulings, case laws, and official notifications, thus offering a highly reliable reference that keeps pace with evolving taxation norms.

This book is intended for the following audience:
Students &#x2013; Ideal for those preparing for CA, CS, ICWA, M.Com., LL.B., MBA, or other postgraduate and professional examinations. Serves as a comprehensive exam guide, presenting straightforward explanations of intricate laws and last 10 years' CA (Final) questions with solutions
Practitioners &amp; Professionals &#x2013; A must-have reference for chartered accountants, lawyers, tax consultants, and in-house finance teams looking for in-depth guidance on the latest amendments and leading case laws
Educational Institutions &amp; Libraries &#x2013; Trusted by leading universities and professional institutes; a staple reference work in academic libraries for direct taxation
Income-tax Department Officials &#x2013; Useful for departmental exams, offering step-by-step insights into interpreting and applying direct tax provisions

The Present Publication is the 72nd Edition | A.Y. 2025-26 (amended up to 15th January 2025), authored by Dr Vinod K. Singhania &amp; Dr Kapil Singhania. The noteworthy features of this book are as follows:
[Latest Amendments &amp; Judicial Rulings] Incorporates amendments, circulars, notifications, and judicial precedents up to 15th January 2025. Highlights crucial developments in case law that influence practical application
[Lucid &amp; Reader-friendly Presentation] Uses a numbered paragraph system for easy reference. Emphasises clarity, brevity, and an organised flow of topics, making a dense subject more approachable
[Over 600 Solved Illustrations] Comprehensive examples address real-life scenarios and clarify subtle areas of tax law. Provides 'hints' for tax planning where applicable
[Coverage of Past Examination Questions] Includes the last 10 years' CA (Final) theoretical and practical questions with solutions adapted to the law for A.Y. 2025-26. It also features questions from other professional and postgraduate exams, ensuring thorough practice
[Special Focus on Complex Issues] Discusses debatable or controversial points, arriving at logical conclusions grounded in statute and case law. Offers tax planning perspectives to guide strategic decisions.
[Structured Thematically] Chapters are broken into sub-sections, each dealing with distinct aspects of direct tax law, ensuring easy topic-wise study

The structure of the book is as follows:
Chapter-by-chapter Approach &#x2013; Each chapter addresses one or more sections systematically, from simpler fundamentals to advanced concepts
Paras &amp; Sub-paras &#x2013; Comprehensive yet time-saving layout that helps students identify crucial points quickly
Illustrative Solved Examples &#x2013; Over 600 illustrations are placed throughout the text, clarifying the application of complex provisions
Practice &amp; Revision Material &#x2013; Exhaustive question bank, including CA (Final) past exam queries (practical and theory) updated for A.Y. 2025-26
Case Laws &amp; References &#x2013; Integrated references to recent and landmark judgments, highlighting real-world judicial interpretations
Tax Planning Notes &#x2013; Strategic insights are interspersed within chapters, guiding readers on potential tax-saving measures</subfield>
  </datafield>
  <datafield tag="650" ind1=" " ind2=" ">
    <subfield code="a">Residential status and tax incidence</subfield>
    <subfield code="9">209417</subfield>
  </datafield>
  <datafield tag="650" ind1=" " ind2=" ">
    <subfield code="a">Profits and gains of business or profession</subfield>
    <subfield code="9">209418</subfield>
  </datafield>
  <datafield tag="650" ind1=" " ind2=" ">
    <subfield code="a">Alternative tax regime</subfield>
    <subfield code="9">258250</subfield>
  </datafield>
  <datafield tag="700" ind1=" " ind2=" ">
    <subfield code="a">Singhania, Kapil.</subfield>
    <subfield code="9">209419</subfield>
  </datafield>
  <datafield tag="942" ind1=" " ind2=" ">
    <subfield code="2">ddc</subfield>
    <subfield code="c">BK</subfield>
    <subfield code="e">72nd</subfield>
    <subfield code="k">336.294 SINV</subfield>
  </datafield>
  <datafield tag="999" ind1=" " ind2=" ">
    <subfield code="c">234291</subfield>
    <subfield code="d">234291</subfield>
  </datafield>
  <datafield tag="952" ind1=" " ind2=" ">
    <subfield code="0">0</subfield>
    <subfield code="1">0</subfield>
    <subfield code="2">ddc</subfield>
    <subfield code="4">0</subfield>
    <subfield code="7">0</subfield>
    <subfield code="8">MBA</subfield>
    <subfield code="a">AIMIT</subfield>
    <subfield code="b">AIMIT</subfield>
    <subfield code="c">TX</subfield>
    <subfield code="d">2025-04-28</subfield>
    <subfield code="e">Biblios Book Point</subfield>
    <subfield code="g">2395.00</subfield>
    <subfield code="i">Bill no:369; Bill dt:2025/4/25</subfield>
    <subfield code="l">0</subfield>
    <subfield code="o">336.294 SINV</subfield>
    <subfield code="p">MBA15199</subfield>
    <subfield code="r">2025-07-21 00:00:00</subfield>
    <subfield code="v">1916.00</subfield>
    <subfield code="w">2025-05-06</subfield>
    <subfield code="y">BK</subfield>
  </datafield>
</record>
